000 02184cam a2200301 4500
001 L135994
008 061221n2006 000 0 eng u
020 _a0421952903
035 _a(Sirsi) u135994
041 0 _aeng
050 0 4 _a347.41067 $2 18
100 1 _aFancourt, T.M.
245 0 0 _aEnforceability of landlord and tenant covenants
260 _aLondon
_bSweet & Maxwell
_c2006
300 _axlv, 474p.
_c24cm.
350 _a145
505 1 _aIntroduction to leasehold covenants -- Old and new tenancies -- Privy of contract -- Liability as between original lessee and assignee of the lessor's reversion -- Liability as between assignees of term and reversion --Rights of original lesses and their assignees -- Rights of the original lessor and assignees of the reversion against sub-tenants and mortgagees of the term -- Insolvency and disclaimer -- Third party covenants -- Landlord covenants and tenant covenants -- Transmission of benefits and burden of landlord covenants and tenant covenants -- Transmission of rights of re-entry -- Release of covenants on assignment -- Apportionment -- Excluded assignments -- Third party and non-party covenants, rights and obligations -- Authorised guarantee agreements -- Forfeiture and disclaimer -- Fixed charges -- Variation in tenant covenants after assignment -- Overriding leases -- Anti-avoidance -- Landlord's consent to assignment, etc. of tenancy -- Repeals and amendments -- Enforcement of landlord and tenant covenants
520 _aDiscusses the old and new regimes for enforceability of covenants in leases as between the original parties, their successors in title and third parties. Explains the provisions and effect of the Landlord and Tenant (Covenants) Act 1995 relating to old and new tenancies in both commercial and residential sectors.
590 _aKA
650 2 4 _aLANDLORD AND TENANT (COVENANTS) ACT 1995
650 2 4 _aCONTRACTS (RIGHTS OF THIRD PARTIES) ACT 1999
650 2 4 _aLAND REGISTRATION ACT 1925
650 2 4 _aLAND CHARGES ACT 1972
650 2 4 _aLANDLORD AND TENANTS ACT 1927 S19
651 4 _aEngland and Wales
_y1543-
690 _aLandlord and tenant
_96252
942 _n0
999 _c106275
_d106275